01670 am a2200505 a 450000500170000000800410001702000150005804100080007309200180008110000360009924500700013525000110020526000520021630000710026859000320033965300420037165300560041365300180046965300180048765300270050565300160053265300190054865300280056765300290059565300230062465300160064765300170066365300190068065300140069965300160071365300480072965300190077765300210079665300180081765300210083565300140085665300120087065300440088270000350092670000420096193000090100394200120101299900130102495201270103720120418125121.0100511s1979||||xxua f |||| 00| 0 spa d a3794599950 aspa c616.5l5sATL1 aSalfelder, K.q(Karlhanns)9182 aAtlas en color : Micosis profundas en el hombre / cK. Salfelder. a1a ed. aSututtgart : bBibliomed / Bayer Farma, c1979. a140 p.b253 imagenes, de las cuales 199 son multicolor y 2 cuadros aDonación Dr. Mancuso 2007 aMétodos de diagnóstico de micosis aMicosis profundas: hongos en el tejido y en cultivo aCriptococosis aBlastomicosis aParacoccidioidomicosis aLobomicosis aHistoplasmosis aHistoplasmosis africana aLinfangitis epizoótica aCoccidioidomicosis aCandidiasis aAspergilosis aBasidiomicosis aBagazosis aFicomicosis aCromomicosis (infección por dematiacetos) aEsperotricosis aRinoesporidiosis aTorulopsiosis aAdiaspiromicosis aMicetomas aAlgosis aDiagnóstico diferencial de los hongos1 aSchwarz, J, cCol.q(Jan)91831 aSauerteig, E, cCol.q(Eberhard)9184 a1764 2ddccBK c308d308 00102ddc405171aBFMbBFMcCRd2011-05-13l0o616.5 5 ATLp1764r2014-11-06tej.1w2011-05-13yBKzBaja 2017 (Caja 9)f